[Event "Anapa op"]
[Site "Anapa"]
[Date "2012.09.06"]
[Round "7"]
[White "Ivanova, Marina"]
[Black "Eremeenko, Vladimir"]
[Result "1-0"]
[WhiteElo "1673"]
[BlackElo "1925"]
[PlyCount "73"]
[EventDate "2012.08.30"]
[EventType "swiss"]
[EventRounds "9"]
[EventCountry "RUS"]
[SourceTitle "CBM 150 Extra"]
[Source "ChessBase"]
[SourceDate "2012.10.19"]
[SourceVersion "1"]
[SourceVersionDate "2012.10.19"]
[SourceQuality "1"]

1. e4 d6 2. d4 g6 3. Nf3 Bg7 4. Be3 Nf6 5. Nc3 c6 6. Bd3 0-0 7. 0-0 Nbd7 8. Qd2 Ng4 9. Bf4 e5 10. Bg5 f6 11. Bh4 b5 12. h3 Nh6 13. Rad1 Nf7 14. dxe5 dxe5 15. Nh2 Bh6 16. Qe1 Qe7 17. Ng4 Bg7 18. a4 a6 19. Bg3 Nc5 20. f4 Be6 21. f5 Nxd3 22. cxd3 gxf5 23. exf5 Bb3 24. Rc1 Rfd8 25. Ne4 bxa4 26. Rxc6 Nd6 27. Bh4 Nxe4 28. dxe4 Rd6 29. Rxd6 Qxd6 30. Qg3 Kf7 31. Rf3 Rd8 32. Rc3 Rd7 33. Rc8 Qd4+ 34. Kh2 Rd8 35. Nxe5+ fxe5 36. Rxd8 Qxe4 37. Rd7+ 1-0

[Event "Anapa op"]
[Site "Anapa"]
[Date "2012.09.05"]
[Round "6"]
[White "Sokolov, Oleg"]
[Black "Ivanova, Marina"]
[Result "0-1"]
[WhiteElo "1591"]
[BlackElo "1673"]
[PlyCount "76"]
[EventDate "2012.08.30"]
[EventType "swiss"]
[EventRounds "9"]
[EventCountry "RUS"]
[SourceTitle "CBM 150 Extra"]
[Source "ChessBase"]
[SourceDate "2012.10.19"]
[SourceVersion "1"]
[SourceVersionDate "2012.10.19"]
[SourceQuality "1"]

1. d4 Nf6 2. c4 g6 3. Nc3 Bg7 4. e4 d6 5. h3 0-0 6. Be3 Nc6 7. d5 Ne5 8. f4 Ned7 9. g4 c6 10. Bd3 Qa5 11. Qd2 Nc5 12. Bxc5 Qxc5 13. Nge2 cxd5 14. exd5 e6 15. f5 exd5 16. fxg6 fxg6 17. cxd5 Nxd5 18. 0-0-0 Be6 19. Kb1 Rac8 20. Rc1 Nb4 21. a3 Nxd3 22. Qxd3 Bc4 23. Qd2 Qb6 24. h4 d5 25. h5 d4 26. Ne4 Qb3 27. Rxc4 Rxc4 28. hxg6 hxg6 29. Nf4 d3 30. Qh2 Qc2+ 31. Qxc2 dxc2+ 32. Kc1 Rxf4 33. Nd6 Rc6 34. Nxb7 Rb6 35. Nc5 Rxg4 36. Nd3 Rc6 37. Nb4 Rc7 38. Nxc2 Rg2 0-1